| 000 | 00504nam a22001577a 4500 | ||
|---|---|---|---|
| 003 | 0 | ||
| 005 | 20231107095553.0 | ||
| 008 | 230929b xxu||||| |||| 00| 0 eng d | ||
| 050 |
_aBF 698 _b.V47 2022 |
||
| 100 | _aVergara, Paul Andrei T. | ||
| 245 |
_aExtroversion and self-control of young adults in the new normal _cVergara, Paul Andrei T. |
||
| 260 |
_aLas Pinas City _bSouthville International School and Colleges _cC2022 |
||
| 300 |
_aix, 106pp. _c28cm. |
||
| 500 | _aExtroversion. | ||
| 942 |
_2lcc _cTH |
||
| 999 |
_c365444 _d365444 |
||